| 000 | 01651cas a2200433 a 4500 | ||
|---|---|---|---|
| 001 | 3060 | ||
| 003 | FISKH | ||
| 005 | 20240201151708.0 | ||
| 008 | 851008c19769999nyuar 0 0eng c | ||
| 010 | _asf 96094154 | ||
| 020 | _a9780316387446 | ||
| 035 | _a(OCoLC)ocm12644747 | ||
| 040 |
_aEEM _beng _cEEM _dDLC _dOCLCQ _dCRU _dDLC _dOCLCQ _dOCLCO _dOCLCF _dOCLCO _dOCLCQ _dOCLCA _dJDP _dBGU _dOCLCO _dNDD |
||
| 042 | _apcc | ||
| 050 | 0 | 0 | _aComic Book 03186 |
| 050 | 1 | 4 |
_aPN6728.4.M3 _bA94 |
| 082 | _a741.5 | ||
| 100 | _aIrvine, Alex | ||
| 245 | 0 | 4 |
_aMarvel : _bThe avengers / _cAdapted by Alex Irvine ; Based in the screenplay by Joss Whedon ; Stor by Zak Penn and Joss Whedon ; Produced by Kevin Feige ; Directed by Joss Whedon |
| 250 | _aThis edition published in 2015 | ||
| 260 |
_aNew York : _bLittle, Brown, _c1976 |
||
| 300 |
_a225 pages : _billustrations ; _c21 cm |
||
| 310 | _aAnnual | ||
| 336 |
_atext _btxt _2rdacontent |
||
| 337 |
_aunmediated _bn _2rdamedia |
||
| 338 |
_avolume _bnc _2rdacarrier |
||
| 362 | 0 | _aNo. 6 (1976)- | |
| 505 | _aR | ||
| 520 | _a"Gathered together by S.H.I.E.L.D, Captain America, Iron Man, the Hulk, Thor, Black Widow and Hawkeye must protect the world from ultimate destruction"-- | ||
| 521 | 8 |
_a730
_bLexile |
|
| 521 | 8 |
_aR
_bRaz-Plus |
|
| 650 | 0 |
_aComic books, strips, etc _vPeriodicals. |
|
| 650 | 7 |
_aComic books, strips, etc. _2fast _0(OCoLC)fst00869145 |
|
| 655 | 7 |
_aPeriodicals. _2fast _0(OCoLC)fst01411641 |
|
| 655 | 7 |
_aPeriodicals. _2lcgft |
|
| 655 | 7 |
_aSuperhero comic books, strips, etc. _2gsafd |
|
| 906 |
_a7 _bcbc _cserials _du _encip _f19 _gn-oclcserc |
||
| 942 |
_2ddc _cBK _n0 |
||
| 999 |
_c3060 _d3060 |
||